|
|
|
|
| LEADER |
00000nam0a2200000 4500 |
| 001 |
339661 |
| 005 |
20231102005150.0 |
| 035 |
|
|
|a (RuTPU)RU\TPU\book\366200
|
| 090 |
|
|
|a 339661
|
| 100 |
|
|
|a 20180117d1959 km y0rusy50 ca
|
| 101 |
0 |
|
|a rus
|
| 102 |
|
|
|a UA
|a RU
|
| 105 |
|
|
|a a z 001zy
|
| 200 |
1 |
|
|a Электроавтоматика металлорежущих станков
|f К. В. Черторыжский
|
| 205 |
|
|
|a 2-е изд., дораб. и доп.
|
| 210 |
|
|
|a Киев
|a Москва
|c Машгиз
|d 1959
|
| 215 |
|
|
|a 302 с.
|c ил.
|
| 320 |
|
|
|a Библиогр.: с. 299-300
|
| 606 |
1 |
|
|a Металлорежущие станки
|x Электрооборудование
|x Схемы
|x Надежность
|x Колебания
|x Агрегатирование
|2 stltpush
|3 (RuTPU)RU\TPU\subj\42660
|9 62319
|
| 610 |
1 |
|
|a электроавтоматика
|
| 610 |
1 |
|
|a автоматическое управление
|
| 610 |
1 |
|
|a аппаратура
|
| 610 |
1 |
|
|a механическое управление
|
| 610 |
1 |
|
|a электромеханические аппараты
|
| 610 |
1 |
|
|a коммутационные аппараты
|
| 610 |
1 |
|
|a усилители
|
| 610 |
1 |
|
|a магнитные усилители
|
| 675 |
|
|
|a 621.9.06-83
|v 4
|
| 700 |
|
1 |
|a Черторыжский
|b К. В.
|
| 702 |
|
1 |
|a Крашенинников
|b И. И.
|4 340
|
| 801 |
|
1 |
|a RU
|b 63413507
|c 20180117
|
| 801 |
|
2 |
|a RU
|b 63413507
|c 20220525
|g RCR
|
| 942 |
|
|
|c BK
|